Personnage mystère #9 - Statistiques

Statistiques générales
  • Ce quiz a été pris 492 fois
  • Le résultat moyen est 5 sur 7
Statistiques - réponses
Lettres Indices % Correct
ETIPT Petit
100%
NESSID Dessin
98%
ODNBL Blond
97%
RULEF Fleur
85%
DERANR Renard
50%
SANEPELT Planètes
47%
Nom du personnage Le Petit Prince
44%
Aucun quiz correspondant
Distribution des résultats
% des personnes avec chaque résultat
Percentile par nombre de réponses
Votre historique - résultats
Vous n’avez pas pris ce quiz